The photography book / (Record no. 353333)

000 -LEADER
fixed length control field 00682 a2200217 4500
003 - CONTROL NUMBER IDENTIFIER
control field OSt
005 - DATE AND TIME OF LATEST TRANSACTION
control field 20180116192401.0
008 - FIXED-LENGTH DATA ELEMENTS--GENERAL INFORMATION
fixed length control field 120702t xxu||||| |||| 00| 0 eng d
020 ## - INTERNATIONAL STANDARD BOOK NUMBER
International Standard Book Number 071483937X
020 ## - INTERNATIONAL STANDARD BOOK NUMBER
International Standard Book Number 9780714839370
040 ## - CATALOGING SOURCE
Transcribing agency 0
082 ## - DEWEY DECIMAL CLASSIFICATION NUMBER
Classification number 770
100 ## - MAIN ENTRY--PERSONAL NAME
Personal name Jeffrey, Ian.
9 (RLIN) 5346
245 14 - TITLE STATEMENT
Title The photography book /
Statement of responsibility, etc. [texts written by Ian Jeffrey].
260 ## - PUBLICATION, DISTRIBUTION, ETC.
Place of publication, distribution, etc. London :
Name of publisher, distributor, etc. Phaidon,
Date of publication, distribution, etc. 1997 |g (2000 [printing])
300 ## - PHYSICAL DESCRIPTION
Extent 519 p. :
Other physical details ill. (some col.), ports. (some col.) ;
Dimensions 17 cm.
650 10 - SUBJECT ADDED ENTRY--TOPICAL TERM
Topical term or geographic name entry element Photography.
9 (RLIN) 5347
650 10 - SUBJECT ADDED ENTRY--TOPICAL TERM
Topical term or geographic name entry element Photography, Artistic.
9 (RLIN) 5348
942 ## - ADDED ENTRY ELEMENTS (KOHA)
Institution code [OBSOLETE] SADA
Koha item type Book
Call number prefix 770 JEF 1997
Source of classification or shelving scheme
Holdings
Withdrawn status Lost status Source of classification or shelving scheme Damaged status Not for loan Permanent Location Current Location Date acquired Total Checkouts Full call number Barcode Date last seen Cost, replacement price Price effective from Koha item type
          School of Art Design and Architecture (SADA) School of Art Design and Architecture (SADA) 06/30/2011   770 JEF 1997 SADA0001497 08/05/2011 764.00 08/05/2011 Book
© 2023 Central Library, National University of Sciences and Technology. All Rights Reserved.